| 000 | 00870nam a22002657a 4500 | ||
|---|---|---|---|
| 999 |
_c6422 _d6422 |
||
| 003 | OSt | ||
| 005 | 20200205151647.0 | ||
| 008 | 200203s2004 cv a|||ar|||| 00| 1 spa d | ||
| 020 | _a9580468869 | ||
| 040 |
_aCO-JMCR _cCO-JMCR |
||
| 041 | 1 |
_aspa _heng |
|
| 082 |
_aC / _bEASt |
||
| 100 | 1 |
_aEast, Jacqueline, _eautora _9130 |
|
| 245 | 1 | 0 |
_aTengo miedo de la oscuridad : _bel perrito Ed _cPor Jacqueline East ; traducción, Cristina Puerta |
| 260 |
_a Bogotá : _bNorma, _c2004 |
||
| 300 |
_a[28] páginas : _bprincipalmente ilustraciones a color ; _c23 cm. |
||
| 490 | 0 | _aBuenas noches | |
| 500 | _aTitulo original: I´m scared of the dark | ||
| 546 | _aTraducido del inglés | ||
| 650 | 1 | 4 |
_aCuentos infantiles ingleses _9180 |
| 650 | 1 | 4 |
_aAmistad _9181 |
| 650 | 1 | 4 |
_aMiedo a la oscuridad _9191 |
| 700 | 1 |
_aPuerta, Cristina, _etraductora _9131 |
|
| 942 |
_2ddc _cBK |
||